Statistics for Do You Really Know the TV Show Friends? Part 3

Click here to take the quiz!

General Stats

  • This quiz has been taken 427 times
  • The average score is 11 of 15

Answer Stats

QuestionAnswer% Correct
What is Phoebe's brother's name?Frank
95%
Who is the last to know about Monica and Chandler dating?Ross
92%
How many sisters does Joey have?7
91%
Who is notorious for returning gifts?Rachel
91%
When Monica and Chandler are moving into their home in the suburbs, who do they talk out of living next to them?Janice
85%
What kind of car does Phoebe's grandmother drive?Taxi Cab
82%
What does Chandler choke on while stuck in the ATM vestibule?Gum
80%
What sport does Ross play when he becomes "Red Ross"?Rugby
77%
What childhood staple does Ross buy Phoebe when he finds out she only had a box to play with when she was young?Bike
75%
What instrument did Ross play in college?Keyboard
75%
What was Central Perk before it was a coffee house?Bar
69%
What team was Rachel on in high school?Cheer
62%
Monica breaks up with Pete because he wants to become what?UFC Champion
48%
What does Ross call the gravy soaked bread in Monica's turkey sandwichs?The Moist Maker
36%
What do the friends use to check if Ugly Nake Guy is dead or not?Giant Poking Device
22%

Score Distribution

Percentile by Number Answered

Percent of People with Each Score

Your Score History

You have not taken this quiz